MARC details
| 000 -LEADER |
| fixed length control field |
02187cam a22003614a 4500 |
| 001 - CONTROL NUMBER |
| control field |
14655559 |
| 003 - CONTROL NUMBER IDENTIFIER |
| control field |
ARRUPE |
| 005 - DATE AND TIME OF LATEST TRANSACTION |
| control field |
20160111124447.0 |
| 008 - FIXED-LENGTH DATA ELEMENTS--GENERAL INFORMATION |
| fixed length control field |
061204s2007 iluafg b 001 0 eng |
| 010 ## - LIBRARY OF CONGRESS CONTROL NUMBER |
| LC control number |
2006100532 |
| 020 ## - INTERNATIONAL STANDARD BOOK NUMBER |
| International Standard Book Number |
9780226401928 (cloth : alk. paper) |
| 020 ## - INTERNATIONAL STANDARD BOOK NUMBER |
| International Standard Book Number |
0226401928 (cloth : alk. paper) |
| 035 ## - SYSTEM CONTROL NUMBER |
| System control number |
(OCoLC)ocm76967201 |
| 035 ## - SYSTEM CONTROL NUMBER |
| System control number |
(OCoLC)76967201 |
| 040 ## - CATALOGING SOURCE |
| Original cataloging agency |
DLC |
| Transcribing agency |
DLC |
| Modifying agency |
DLC |
| 050 00 - LIBRARY OF CONGRESS CALL NUMBER |
| Classification number |
B105.M4 |
| Item number |
J65 2007 |
| 082 00 - DEWEY DECIMAL CLASSIFICATION NUMBER |
| Classification number |
121/.68 |
| Edition number |
22 |
| 300 ## - PHYSICAL DESCRIPTION |
| Other physical details |
ill. (some col.), music ; |
| Dimensions |
24 cm. |
| 100 1# - MAIN ENTRY--PERSONAL NAME |
| Personal name |
Johnson, Mark, |
| Dates associated with a name |
1949- |
| 9 (RLIN) |
21457 |
| 245 14 - TITLE STATEMENT |
| Title |
The meaning of the body : |
| Remainder of title |
aesthetics of human understanding / |
| Statement of responsibility, etc |
Mark Johnson. |
| 260 ## - PUBLICATION, DISTRIBUTION, ETC. (IMPRINT) |
| Place of publication, distribution, etc |
Chicago : |
| Name of publisher, distributor, etc |
University of Chicago Press, |
| Date of publication, distribution, etc |
2007. |
| 300 ## - PHYSICAL DESCRIPTION |
| Extent |
xvii, 308 p., 2 p. of plates : |
| 504 ## - BIBLIOGRAPHY, ETC. NOTE |
| Bibliography, etc |
Includes bibliographical references (p. [285]-295) and index. |
| 505 0# - FORMATTED CONTENTS NOTE |
| Formatted contents note |
Preface : the need for an aesthetics of human meaning -- Introduction : meaning is more than words and deeper than concepts -- The movement of life -- Big babies -- "Since feeling is first" : emotional dimensions of meaning -- The grounding of meaning in the qualities of life -- Feeling William James's "but": the aesthetics of reasoning and logic -- The origin of meaning in organism-environment coupling : a nonrepresentational view of mind -- The corporeal roots of symbolic meaning -- The brain's role in meaning -- From embodied meaning to abstract thought -- Art as an exemplar of meaning-making -- Music and the flow of meaning -- The meaning of the body. |
| 650 #0 - SUBJECT ADDED ENTRY--TOPICAL TERM |
| Topical term or geographic name as entry element |
Meaning (Philosophy) |
| 9 (RLIN) |
3257 |
| 650 #0 - SUBJECT ADDED ENTRY--TOPICAL TERM |
| Topical term or geographic name as entry element |
Human body (Philosophy) |
| 9 (RLIN) |
21458 |
| 650 #0 - SUBJECT ADDED ENTRY--TOPICAL TERM |
| Topical term or geographic name as entry element |
Aesthetics. |
| 9 (RLIN) |
21459 |
| 856 41 - ELECTRONIC LOCATION AND ACCESS |
| Materials specified |
Table of contents only |
| Uniform Resource Identifier |
<a href="http://www.loc.gov/catdir/toc/ecip076/2006100532.html">http://www.loc.gov/catdir/toc/ecip076/2006100532.html</a> |
| 856 42 - ELECTRONIC LOCATION AND ACCESS |
| Materials specified |
Contributor biographical information |
| Uniform Resource Identifier |
<a href="http://www.loc.gov/catdir/enhancements/fy0704/2006100532-b.html">http://www.loc.gov/catdir/enhancements/fy0704/2006100532-b.html</a> |
| 856 42 - ELECTRONIC LOCATION AND ACCESS |
| Materials specified |
Publisher description |
| Uniform Resource Identifier |
<a href="http://www.loc.gov/catdir/enhancements/fy0707/2006100532-d.html">http://www.loc.gov/catdir/enhancements/fy0707/2006100532-d.html</a> |
| 906 ## - LOCAL DATA ELEMENT F, LDF (RLIN) |
| a |
7 |
| b |
cbc |
| c |
orignew |
| d |
1 |
| e |
ecip |
| f |
20 |
| g |
y-gencatlg |
| 942 ## - ADDED ENTRY ELEMENTS (KOHA) |
| Source of classification or shelving scheme |
Library of Congress Classification |
| Koha item type |
Monograph ( Printed materials) |